| 000 | 00514nam a2200169Ia 4500 | ||
|---|---|---|---|
| 008 | 240729s9999 xx 000 0 und d | ||
| 022 | _a2383-3009 | ||
| 245 | 0 | _aNutrition and Food Sciences Research | |
| 260 | _aIran, Islamic Republic of | ||
| 260 | _bShahid Beheshti University of Medical Sciences | ||
| 650 | _a Home economics | ||
| 650 | _a Nutrition. Foods and food supply | ||
| 650 | _aTechnology | ||
| 856 | _uhttps://doaj.org/toc/efb6a6512c814d2384a04d94e198a7a3 | ||
| 942 | _2ddc | ||
| 942 | _cDOAJEJ | ||
| 999 |
_c69916 _d69916 |
||
| 945 |
_a1 _bMadushi Gamage _c1 _dMadushi Gamage |
||